[Event "World Rapid 2019"]
[Site "Moscow RUS"]
[Date "2019.12.27"]
[Round "7.36"]
[White "Alekseenko, Kirill"]
[Black "Bluebaum, Matthias"]
[Result "1-0"]
[WhiteTitle "GM"]
[BlackTitle "GM"]
[WhiteElo "2704"]
[BlackElo "2644"]
[WhiteFideId "4135539"]
[BlackFideId "24651516"]
[EventDate "2019.12.26"]

1. e4 e6 2. d4 d5 3. e5 c5 4. c3 Qb6 5. Nf3 Nc6 6. a3 c4 7. Nbd2 Na5 8. Be2 Bd7
9. O-O Ne7 10. Qc2 Qc7 11. Ng5 Nf5 12. g4 Nh4 13. Nxh7 Be7 14. f4 Ng6 15. f5
exf5 16. gxf5 Nxe5 17. dxe5 Qxe5 18. Nf3 Qe4 19. Qxe4 dxe4 20. Nfg5 Nb3 21. Rb1
Bc5+ 22. Kg2 Nxc1 23. Rbxc1 f6 24. Nxe4 Bc6 25. Bf3 Bxe4 26. Bxe4 Rxh7 27. Bxb7
Rb8 28. Bc6+ Kd8 29. Rc2 Kc7 30. Bf3 Rbh8 31. Rh1 Rh4 32. h3 Rf4 33. Bg4 g5 34.
Re1 Bd6 35. Rce2 Rb8 36. Rd1 Be5 37. Rd5 Kc6 38. Rdd2 Kc7 39. Rd5 Kc6 40. Bf3
Kb6 41. a4 Rxf5 42. a5+ Ka6 43. Rc5 Rf4 44. Bd5 g4 45. Bxc4+ Kb7 46. Bd5+ Ka6
47. h4 g3 48. Rd2 Rf2+ 49. Rxf2 gxf2 50. Bc4+ Kb7 51. Rb5+ Kc6 52. Rxb8 Bxb8 53.
Kf3 Kd7 54. h5 Ke7 55. h6 Kf8 56. Bd3 Bc7 57. Kxf2 Bxa5 58. h7 Kg7 59. Bf5 Bc7
60. Ke3 Be5 61. Kd3 Bf4 62. c4 Bd6 63. b3 1-0

[Event "World Rapid 2019"]
[Site "Moscow RUS"]
[Date "2019.12.27"]
[Round "7.37"]
[White "Ponkratov, Pavel"]
[Black "Khusnutdinov, Rustam"]
[Result "1-0"]
[WhiteTitle "GM"]
[BlackTitle "GM"]
[WhiteElo "2632"]
[BlackElo "2491"]
[WhiteFideId "4157800"]
[BlackFideId "13701703"]
[EventDate "2019.12.26"]

1. e4 e6 2. d4 d5 3. Nc3 Bb4 4. e5 c5 5. a3 Ba5 6. Qg4 Kf8 7. b4 cxd4 8. Nb5 Bb6
9. Nf3 Nc6 10. Bb2 Nge7 11. Bd3 Ng6 12. Qg3 f6 13. Bxg6 hxg6 14. Nbxd4 Bxd4 15.
Bxd4 Nxd4 16. Nxd4 Kf7 17. O-O Bd7 18. Rae1 Rc8 19. Re3 f5 20. f4 Qh4 21. Qxh4
Rxh4 22. g3 Rhh8 23. Rff3 Rc4 24. Rd3 Rhc8 25. Kf2 Rh8 26. h4 Rhc8 27. Ke1 Ke7
28. Kd2 Ba4 29. c3 b6 30. Rf1 Be8 31. Rg1 a6 32. g4 fxg4 33. Rxg4 Bf7 34. h5
gxh5 35. Rxg7 Rg8 36. Rh7 Rg2+ 37. Ke1 Ke8 38. f5 exf5 39. Kf1 Rg4 40. Rh8+ Rg8
41. Rh6 Rg6 42. Rxh5 Rg1+ 43. Kxg1 Bxh5 44. Kf2 Bg4 45. Kg3 Kf7 46. Kf4 Kg6 47.
Re3 Kf7 48. e6+ Ke7 49. Ke5 1-0

[Event "World Rapid 2019"]
[Site "Moscow RUS"]
[Date "2019.12.27"]
[Round "7.38"]
[White "Mamedov, Rauf"]
[Black "Tregubov, Pavel V."]
[Result "1-0"]
[WhiteTitle "GM"]
[BlackTitle "GM"]
[WhiteElo "2659"]
[BlackElo "2588"]
[WhiteFideId "13401653"]
[BlackFideId "4115341"]
[EventDate "2019.12.26"]

1. e4 e5 2. Nf3 Nf6 3. Nc3 Nc6 4. Bb5 Bd6 5. d3 O-O 6. a3 h6 7. Bc4 Re8 8. g4
Nd4 9. g5 hxg5 10. Bxg5 c6 11. Rg1 Bf8 12. Nxd4 exd4 13. Qf3 d5 14. Bxf6 Qd6 15.
Nxd5 cxd5 16. Bxd5 Qxd5 17. Rxg7+ Bxg7 18. Qg2 1-0

[Event "World Rapid 2019"]
[Site "Moscow RUS"]
[Date "2019.12.27"]
[Round "7.40"]
[White "Makarian, Rudik"]
[Black "Cheparinov, Ivan"]
[Result "0-1"]
[WhiteTitle "IM"]
[BlackTitle "GM"]
[WhiteElo "2397"]
[BlackElo "2687"]
[WhiteFideId "44105681"]
[BlackFideId "2905540"]
[EventDate "2019.12.26"]

1. d4 Nf6 2. Nf3 g6 3. c4 Bg7 4. Nc3 d5 5. cxd5 Nxd5 6. Qa4+ Nc6 7. Ne5 Nxc3 8.
bxc3 Bxe5 9. dxe5 Qd5 10. Bf4 Qc5 11. Rc1 O-O 12. e4 Be6 13. Bb5 a6 14. Bxc6
Qxc6 15. Qxc6 bxc6 16. Bg5 f6 17. exf6 exf6 18. Bh6 Rfe8 19. O-O Bxa2 20. Rfd1
Re7 21. Ra1 Bb3 22. Rdb1 Bc2 23. Rb7 Bxe4 24. f3 Bd5 25. Bf4 a5 26. Rxc7 Rxc7
27. Bxc7 a4 28. Bd6 Bb3 29. Kf2 Rd8 30. Be7 Rd2+ 31. Kg3 Kf7 32. Bb4 g5 33. Re1
h5 34. h3 Bd5 35. c4 h4+ 36. Kh2 Rd4 37. cxd5 Rxb4 38. dxc6 Rc4 39. Ra1 Ke6 40.
f4 Kd6 41. fxg5 fxg5 42. Rf1 Kxc6 43. Rf8 Kb5 44. Rb8+ Ka5 45. Ra8+ Kb4 46. Rb8+
Kc3 47. Rb5 a3 48. Rxg5 a2 49. Ra5 Kb3 0-1

[Event "World Rapid 2019"]
[Site "Moscow RUS"]
[Date "2019.12.27"]
[Round "7.41"]
[White "Golubov, Saveliy"]
[Black "Vokhidov, Shamsiddin"]
[Result "1/2-1/2"]
[WhiteTitle "IM"]
[BlackTitle "IM"]
[WhiteElo "2469"]
[BlackElo "2526"]
[WhiteFideId "24176729"]
[BlackFideId "14204223"]
[EventDate "2019.12.26"]

1. d4 d5 2. Nf3 Nf6 3. c3 g6 4. Bg5 Nbd7 5. Nbd2 b6 6. e3 Bb7 7. Qb1 Bg7 8. Bd3
h6 9. Bh4 c5 10. b4 cxd4 11. cxd4 g5 12. Bg3 Nh5 13. Qd1 Nxg3 14. hxg3 e6 15. g4
Qe7 16. Rb1 a5 17. bxa5 Rxa5 18. a4 O-O 19. Bb5 Rc8 20. O-O Ba6 21. Bxa6 Rxa6
22. Qb3 Rca8 23. Ra1 Ra5 24. Ra2 Bf8 25. Rfa1 Qb4 26. Qc2 Qd6 27. e4 dxe4 28.
Nxe4 Qf4 29. Qc6 R8a7 30. Nfd2 Rc7 31. g3 Qxf2+ 32. Kxf2 Rxc6 33. Nb3 Rd5 34. a5
bxa5 35. Rxa5 Rb6 36. Rxd5 exd5 37. Nec5 Nxc5 38. Nxc5 Rb4 39. Ke3 Bxc5 40. dxc5
Rc4 41. Ra5 Rxg4 42. Ra6 Kg7 43. Rd6 Rxg3+ 44. Kd4 Rg1 45. Kxd5 h5 46. Ke5 h4
47. Kf5 h3 48. Rd2 g4 49. Rh2 Rg2 50. Rh1 h2 51. c6 g3 52. Kg4 Rg1 53. c7 Rxh1
54. c8=Q Rg1 55. Qc3+ Kg8 56. Qc8+ Kg7 57. Qc3+ f6 58. Qc7+ Kh6 59. Qf4+ Kg7 60.
Qc7+ Kg6 61. Qc2+ Kf7 62. Qc4+ Ke7 63. Qb4+ Ke6 64. Qe4+ Kf7 65. Qc4+ Kg7 66.
Qc7+ Kh6 67. Qf4+ Kg7 1/2-1/2

[Event "World Rapid 2019"]
[Site "Moscow RUS"]
[Date "2019.12.27"]
[Round "7.42"]
[White "Tsvetkov, Andrey"]
[Black "Najer, Evgeniy"]
[Result "0-1"]
[WhiteTitle "FM"]
[BlackTitle "GM"]
[WhiteElo "2350"]
[BlackElo "2661"]
[WhiteFideId "34139360"]
[BlackFideId "4118987"]
[EventDate "2019.12.26"]

1. d4 Nf6 2. c4 e6 3. Nc3 Bb4 4. f3 d5 5. a3 Be7 6. e4 dxe4 7. fxe4 c5 8. d5
exd5 9. exd5 O-O 10. Nf3 Bg4 11. Be2 Bd6 12. O-O Nbd7 13. Bg5 Re8 14. Qd2 Qb8
15. h3 Bh5 16. Bd3 h6 17. Be3 Qd8 18. Rae1 Bg3 19. Bf2 Bxf2+ 20. Qxf2 Bxf3 21.
Qxf3 Qb6 22. Re2 Rxe2 23. Qxe2 Re8 24. Qd2 a6 25. Kh1 Qd6 26. Re1 Rxe1+ 27. Qxe1
Qf4 28. Ne4 Kf8 29. Nxf6 Qxf6 30. b4 Qd4 31. Be2 Nf6 32. bxc5 Qxc5 33. Qb1 b6
34. a4 g6 35. Bf3 h5 36. Qb2 Nd7 37. Qh8+ Ke7 38. Qc3 a5 39. Qe1+ Kd8 40. Qc3
Qb4 41. Qh8+ Kc7 42. Qe8 Qf8 43. Qe3 Qd6 44. Be2 Qe5 45. Qf2 f5 46. Bf3 Nc5 47.
Qh4 Nxa4 48. Qg5 Qd6 49. Qh6 Nc5 50. Qg7+ Nd7 51. Qf7 a4 52. Qe8 Kb7 53. Qe6
Qxe6 54. dxe6+ Kc7 0-1

[Event "World Rapid 2019"]
[Site "Moscow RUS"]
[Date "2019.12.27"]
[Round "7.43"]
[White "Nihal, Sarin"]
[Black "Ivanisevic, Ivan"]
[Result "1-0"]
[WhiteTitle "GM"]
[BlackTitle "GM"]
[WhiteElo "2612"]
[BlackElo "2593"]
[WhiteFideId "25092340"]
[BlackFideId "912417"]
[EventDate "2019.12.26"]

1. Nf3 c5 2. e3 g6 3. d4 Bg7 4. Nbd2 cxd4 5. exd4 Nf6 6. Bd3 O-O 7. O-O Nc6 8.
Re1 d6 9. c3 e5 10. dxe5 dxe5 11. Bb5 Bd7 12. Bxc6 Bxc6 13. Nxe5 Bd5 14. Nb3 Ne4
15. Nf3 f5 16. Be3 f4 17. Bd4 Ng5 18. Nxg5 Qxg5 19. f3 Rfe8 20. Bxg7 Kxg7 21.
Qd4+ Kh6 22. Nd2 Re3 23. Rxe3 fxe3 24. h4 Qe7 25. Re1 Re8 26. Qxd5 Qxh4 27. Re2
Rd8 28. Qe4 Qg5 29. Nf1 1-0

[Event "World Rapid 2019"]
[Site "Moscow RUS"]
[Date "2019.12.27"]
[Round "7.44"]
[White "Zvjaginsev, Vadim"]
[Black "Sadhwani, Raunak"]
[Result "1-0"]
[WhiteTitle "GM"]
[BlackTitle "IM"]
[WhiteElo "2627"]
[BlackElo "2507"]
[WhiteFideId "4113403"]
[BlackFideId "35093487"]
[EventDate "2019.12.26"]

1. e4 e5 2. Nf3 Nc6 3. g3 Nf6 4. d3 Bc5 5. Bg2 d6 6. c3 O-O 7. O-O a6 8. a4 Ba7
9. Na3 Be6 10. Nc2 h6 11. Be3 Bxe3 12. Nxe3 d5 13. exd5 Nxd5 14. Re1 Re8 15. h3
Qd7 16. Ng4 Bxg4 17. hxg4 Qxg4 18. Nxe5 Qxd1 19. Raxd1 Nxe5 20. Bxd5 c6 21. d4
Nd7 22. Bf3 a5 23. d5 c5 24. d6 Rxe1+ 25. Rxe1 Ra6 26. Re8+ Kh7 27. Bg4 Rxd6 28.
Rd8 1-0

[Event "World Rapid 2019"]
[Site "Moscow RUS"]
[Date "2019.12.27"]
[Round "7.45"]
[White "Yu, Yangyi"]
[Black "Nozdrachev, Vladislav"]
[Result "1-0"]
[WhiteTitle "GM"]
[BlackTitle "IM"]
[WhiteElo "2738"]
[BlackElo "2494"]
[WhiteFideId "8603820"]
[BlackFideId "24113441"]
[EventDate "2019.12.26"]

1. e4 e5 2. Nf3 Nc6 3. Nc3 Nf6 4. Bb5 Bd6 5. O-O O-O 6. d3 Re8 7. a3 Bf8 8. Bg5
h6 9. Bh4 d6 10. h3 a6 11. Bc4 g6 12. Nd5 Bg7 13. Qd2 Kh7 14. Nh2 g5 15. Bg3
Nxd5 16. Bxd5 f5 17. exf5 Bxf5 18. Ng4 Nd4 19. Ne3 Bg6 20. Bxb7 Rb8 21. Be4 Rxb2
22. Rab1 Qb8 23. Rxb2 Qxb2 24. Qa5 Qb6 25. Qd5 Bxe4 26. Qxe4+ Kh8 27. c3 Ne2+
28. Kh2 Nxc3 29. Qg6 Rg8 30. Nf5 Bf8 31. Qf6+ Kh7 32. Qf7+ Kh8 33. Re1 Qc5 34.
d4 Qd5 35. Qf6+ Kh7 36. dxe5 Ne4 37. Qd8 Qf7 38. Rxe4 Qxf5 39. Qxc7+ Bg7 40. Re3
dxe5 41. Rxe5 Qc8 42. Qa7 Qa8 43. Re7 Qxa7 44. Rxa7 Kg6 45. Rxa6+ Kf5 46. f3 Rc8
47. h4 Rc2 48. a4 Ra2 49. h5 g4 50. Ra5+ Kf6 51. fxg4 Bf8 52. Ra6+ Kf7 53. Bf4 1-0

[Event "World Rapid 2019"]
[Site "Moscow RUS"]
[Date "2019.12.27"]
[Round "7.46"]
[White "Matlakov, Maxim"]
[Black "Piorun, Kacper"]
[Result "1-0"]
[WhiteTitle "GM"]
[BlackTitle "GM"]
[WhiteElo "2699"]
[BlackElo "2611"]
[WhiteFideId "4168003"]
[BlackFideId "1130420"]
[EventDate "2019.12.26"]

1. d4 Nf6 2. c4 e6 3. Nf3 d5 4. Nc3 Bb4 5. cxd5 exd5 6. Bg5 Qd6 7. Nd2 Bf5 8.
Qb3 Bxc3 9. bxc3 Nbd7 10. e3 O-O 11. Bf4 Qb6 12. f3 Bg6 13. g4 c5 14. h4 c4 15.
Qa3 h5 16. g5 Nh7 17. Bh3 Rfd8 18. e4 Qc6 19. O-O Nb6 20. Rae1 f6 21. gxf6 Qxf6
22. Bg3 Bf7 23. Kh2 Be6 24. Bg2 Qh6 25. Qc1 Nf6 26. Kh1 Rf8 27. Qc2 Rae8 28. a4
Nc8 29. exd5 Nxd5 30. Nxc4 Nf4 31. Ne5 Nd6 32. Qd2 Rf6 33. Kh2 Ref8 34. Bh1 Qh7
35. Rg1 Qf5 36. Bg2 Nc4 37. Qxf4 Qxf4 38. Bxf4 Rxf4 39. Ng6 R4f6 40. Nxf8 Kxf8
41. Bh3 Bd5 42. Rg5 Bxf3 43. Rf5 Bc6 44. Rxf6+ gxf6 45. Bg2 Bxa4 46. Bxb7 Bd7
47. Bd5 Nb6 48. Be6 Bb5 49. Rb1 Bd3 50. Rb4 Ke7 51. Ba2 Kd6 52. c4 Kc6 53. Kg3
a5 54. Rb5 a4 55. Rxh5 f5 56. Rh6+ Kc7 57. c5 Nc4 58. d5 a3 59. h5 Ne5 60. Kf4 1-0

[Event "World Rapid 2019"]
[Site "Moscow RUS"]
[Date "2019.12.27"]
[Round "7.47"]
[White "Tran, Tuan Minh"]
[Black "Wojtaszek, Radoslaw"]
[Result "0-1"]
[WhiteTitle "GM"]
[BlackTitle "GM"]
[WhiteElo "2529"]
[BlackElo "2725"]
[WhiteFideId "12401820"]
[BlackFideId "1118358"]
[EventDate "2019.12.26"]

1. d4 Nf6 2. c4 e6 3. Nc3 Bb4 4. e3 O-O 5. a3 Bxc3+ 6. bxc3 c5 7. Bd3 Nc6 8. Ne2
b6 9. e4 Ne8 10. Be3 Ba6 11. O-O Na5 12. dxc5 Nxc4 13. Bxc4 Bxc4 14. cxb6 axb6
15. Re1 d6 16. Nd4 Qd7 17. Qf3 Nc7 18. Qg3 Kh8 19. Rad1 Ne8 20. Bc1 b5 21. e5
Ra6 22. Nf3 Bd5 23. Ng5 dxe5 24. Rxe5 Nf6 25. Be3 h6 26. Nh3 Rfa8 27. Bd4 Rxa3
28. Ree1 Qd8 29. f3 Bb3 30. Rc1 Ra2 31. Qe5 Bc4 32. Nf4 Ne8 33. Qh5 Kg8 34. h4
Rd2 35. Qg4 Raa2 36. Be3 Nf6 37. Qg3 Rdb2 38. Rcd1 Qb8 39. Kh1 e5 40. Nh3 Rxg2
41. Qxg2 Rxg2 42. Kxg2 Bd5 43. Bc5 Qb7 44. Re3 Qc6 45. Be7 Ng4 46. Red3 Bxf3+ 0-1

[Event "World Rapid 2019"]
[Site "Moscow RUS"]
[Date "2019.12.27"]
[Round "7.48"]
[White "Timofeev, Artyom"]
[Black "Geller, Jakov"]
[Result "0-1"]
[WhiteTitle "GM"]
[BlackTitle "GM"]
[WhiteElo "2588"]
[BlackElo "2521"]
[WhiteFideId "4140419"]
[BlackFideId "4151984"]
[EventDate "2019.12.26"]

1. c4 e6 2. Nf3 d5 3. e3 Nf6 4. b3 Be7 5. Bb2 O-O 6. Be2 dxc4 7. bxc4 c5 8. Ne5
Nfd7 9. f4 Nxe5 10. Bxe5 Nc6 11. Bb2 b6 12. O-O Bb7 13. Nc3 Bf6 14. f5 Qd7 15.
fxe6 fxe6 16. Qe1 Be5 17. Bf3 Rad8 18. Rd1 Nb4 19. Qe2 Bxf3 20. gxf3 Qd3 21.
Qxd3 Rxd3 22. a3 Nc6 23. f4 Bf6 24. Na4 Rfd8 25. Bxf6 gxf6 26. Nc3 Na5 27. f5
exf5 28. Nd5 Nxc4 29. Nxf6+ Kf7 30. Ne4 Nxe3 31. Nf2 Nxf1 32. Nxd3 Rxd3 33. Rxf1
Kf6 0-1

[Event "World Rapid 2019"]
[Site "Moscow RUS"]
[Date "2019.12.27"]
[Round "7.49"]
[White "Antipov, Mikhail Al."]
[Black "Frolyanov, Dmitry"]
[Result "1-0"]
[WhiteTitle "GM"]
[BlackTitle "GM"]
[WhiteElo "2549"]
[BlackElo "2556"]
[WhiteFideId "4107012"]
[BlackFideId "4151976"]
[EventDate "2019.12.26"]

1. e4 c5 2. Nf3 Nc6 3. Bb5 g6 4. Bxc6 bxc6 5. O-O Bg7 6. Re1 Nh6 7. c3 O-O 8. h3
f5 9. e5 Nf7 10. d4 cxd4 11. cxd4 c5 12. dxc5 Bb7 13. Na3 Qc7 14. Be3 Nxe5 15.
Nxe5 Bxe5 16. Bd4 Qc6 17. f3 Bxd4+ 18. Qxd4 Rae8 19. Nc4 Qd5 20. Qxd5+ Bxd5 21.
Ne5 Be6 22. Rad1 Rd8 23. b4 Kg7 24. Nc6 dxc6 25. Rxd8 Rxd8 26. Rxe6 a5 27. Rxe7+
Kf6 28. Rxh7 axb4 29. Rc7 Rd2 30. Rxc6+ Kg5 31. Ra6 Rc2 32. c6 Kf4 33. Kh2 g5
34. Rb6 Ke3 35. Rxb4 Rxc6 36. Rb5 Kf4 37. Rb4+ Ke3 38. Rb3+ Kf4 39. a4 Ra6 40.
g3+ Ke5 41. Rb5+ Kd4 42. Rxf5 Rxa4 43. g4 Ke3 44. Kg3 1-0

[Event "World Rapid 2019"]
[Site "Moscow RUS"]
[Date "2019.12.27"]
[Round "7.50"]
[White "Demchenko, Anton"]
[Black "Narayanan, Srinath"]
[Result "1-0"]
[WhiteTitle "GM"]
[BlackTitle "GM"]
[WhiteElo "2642"]
[BlackElo "2529"]
[WhiteFideId "4160258"]
[BlackFideId "5018420"]
[EventDate "2019.12.26"]

1. d4 Nf6 2. Nf3 d5 3. Bf4 c5 4. e3 Nc6 5. Nbd2 Qb6 6. dxc5 Qxb2 7. Rb1 Qc3 8.
Bb5 e6 9. O-O Be7 10. e4 O-O 11. e5 Ne4 12. Nxe4 dxe4 13. Nd2 f5 14. exf6 Qxf6
15. Be3 Qg6 16. Kh1 Ne5 17. Qe2 Ng4 18. h3 Nxe3 19. Qxe3 Bg5 20. Qe2 Bxd2 21.
Qxd2 e5 22. Rb3 Be6 23. Rg3 Qf6 24. Qe3 Qf4 25. c6 b6 26. Ba6 Bxa2 27. c4 Qf7
28. Qe2 Qc7 29. Bb7 Rad8 30. Qxa2 Kh8 31. Qxa7 Rd2 32. Qa3 Qf7 33. c7 1-0

[Event "World Rapid 2019"]
[Site "Moscow RUS"]
[Date "2019.12.27"]
[Round "7.51"]
[White "Alonso Rosell, Alvar"]
[Black "Potapov, Pavel"]
[Result "0-1"]
[WhiteTitle "GM"]
[BlackTitle "GM"]
[WhiteElo "2548"]
[BlackElo "2482"]
[WhiteFideId "2270544"]
[BlackFideId "4169786"]
[EventDate "2019.12.26"]

1. d4 f5 2. c4 Nf6 3. Nc3 d6 4. Bg5 Nbd7 5. Qc2 g6 6. O-O-O Bg7 7. h4 c6 8. Nh3
e5 9. dxe5 Nxe5 10. e3 Qc7 11. Qd2 Be6 12. Qxd6 Qxd6 13. Rxd6 Ke7 14. Rd4 h6 15.
Bf4 Nfd7 16. e4 Nb6 17. c5 Nbd7 18. exf5 gxf5 19. Be2 Nxc5 20. Re1 Rad8 21. Red1
Rxd4 22. Rxd4 Bxa2 23. Rd1 Bb3 24. Rd4 a5 25. Be3 Ne6 26. Rd2 b5 27. Nf4 b4 28.
Nxe6 Kxe6 29. Nd1 c5 30. Bf4 c4 31. Ne3 Rc8 32. Bxe5 Bxe5 33. g4 f4 34. Nf5 a4
35. Nd4+ Bxd4 36. Rxd4 Ke5 37. Rd7 c3 38. Bd3 a3 39. bxa3 bxa3 40. Re7+ Kf6 41.
Ra7 a2 42. Bc2 Bd5 43. Ra5 Ra8 44. g5+ hxg5 45. hxg5+ Kg7 46. Rxa8 Bxa8 0-1

[Event "World Rapid 2019"]
[Site "Moscow RUS"]
[Date "2019.12.27"]
[Round "7.52"]
[White "Faizrakhmanov, Ramil"]
[Black "Adhiban, Baskaran"]
[Result "0-1"]
[WhiteTitle "IM"]
[BlackTitle "GM"]
[WhiteElo "2434"]
[BlackElo "2654"]
[WhiteFideId "24103209"]
[BlackFideId "5018471"]
[EventDate "2019.12.26"]

1. d4 d6 2. Nf3 Nf6 3. c4 g6 4. Nc3 Bf5 5. Qb3 b6 6. g3 Nc6 7. d5 Na5 8. Qd1 Bg7
9. Nd4 Bd7 10. b3 c5 11. dxc6 Nxc6 12. Bg2 Qc8 13. O-O h5 14. Bb2 h4 15. Nxc6
Bxc6 16. Bxc6+ Qxc6 17. Nd5 hxg3 18. hxg3 Kf8 19. Qd3 Qd7 20. Qf3 Nxd5 21. Qxd5
Rc8 22. Bxg7+ Kxg7 23. Rfd1 Rc5 24. Qg2 b5 25. cxb5 Qxb5 26. Rd2 Qa5 27. Rad1
Rc1 28. Qd5 Rxd1+ 29. Rxd1 Qxa2 30. Qd4+ e5 31. Qc4 Rb8 32. Rxd6 Rxb3 33. Kh2
Rb2 34. Qxa2 Rxa2 35. Kg2 e4 36. e3 Rb2 37. g4 a5 38. Rd5 a4 39. Rd4 a3 40. Rxe4
a2 41. Ra4 Kf6 42. Kg3 Ke6 43. f4 Kd6 44. g5 Kc5 45. Kf3 Rc2 46. Ra7 Kb4 47. Ra8
Kb3 48. Rb8+ Kc3 49. Ra8 Kb2 50. Ke4 Rc3 51. Rxa2+ Kxa2 52. Ke5 Rc6 53. e4 Kb3
54. Kd5 Ra6 0-1

[Event "World Rapid 2019"]
[Site "Moscow RUS"]
[Date "2019.12.27"]
[Round "7.53"]
[White "Xu, Yinglun"]
[Black "Grigoriants, Sergey"]
[Result "1-0"]
[WhiteTitle "GM"]
[BlackTitle "GM"]
[WhiteElo "2555"]
[BlackElo "2542"]
[WhiteFideId "8604940"]
[BlackFideId "4130804"]
[EventDate "2019.12.26"]

1. d4 Nf6 2. c4 e6 3. Nf3 d5 4. Nc3 c5 5. cxd5 Nxd5 6. e4 Nxc3 7. bxc3 cxd4 8.
cxd4 Bb4+ 9. Bd2 Bxd2+ 10. Qxd2 O-O 11. Bc4 Nd7 12. O-O b6 13. a4 Bb7 14. Bd3 h6
15. a5 Nf6 16. Rfe1 bxa5 17. Rxa5 Qc7 18. Rc5 Qe7 19. Qa5 Rfd8 20. h3 Rd7 21.
Qa4 Qd8 22. Bb1 Rc8 23. Qc2 Rxc5 24. dxc5 Bxe4 25. Rxe4 Nxe4 26. Qxe4 Rd1+ 27.
Ne1 Qd5 28. Kf1 Rc1 29. Qxd5 exd5 30. Bc2 Kf8 31. Ke2 Ke7 32. Kd2 Ra1 33. Bb3
Ra5 34. Nd3 d4 35. Kc2 g5 36. Kb2 f6 37. g4 Kd7 38. Bd5 Rb5+ 39. Kc2 a5 40. Bb3
Kc7 41. Ba4 Rb8 42. f4 Rb7 43. f5 Rb8 44. Nf2 Rb4 45. Be8 a4 46. Ne4 a3 47. Bf7
Rb2+ 48. Kd3 a2 49. Bxa2 Rxa2 50. Nxf6 Ra3+ 51. Kxd4 Rxh3 52. Kd5 Rg3 53. Ke6
Kc6 54. Kf7 Rh3 55. Kg6 Kxc5 56. Nh5 Kd6 57. f6 Rf3 58. Ng7 Ke5 59. Nf5 Ra3 60.
f7 Ra8 61. Nxh6 Ke6 62. Kg7 Ra7 63. Kg8 1-0

[Event "World Rapid 2019"]
[Site "Moscow RUS"]
[Date "2019.12.27"]
[Round "7.54"]
[White "Drygalov, Sergey"]
[Black "Khanin, Semen"]
[Result "1-0"]
[WhiteTitle "IM"]
[BlackTitle "IM"]
[WhiteElo "2473"]
[BlackElo "2500"]
[WhiteFideId "24171743"]
[BlackFideId "4111990"]
[EventDate "2019.12.26"]

1. d4 Nf6 2. c4 e6 3. Nc3 Bb4 4. Qc2 O-O 5. a3 Bxc3+ 6. Qxc3 b6 7. Nf3 Bb7 8. e3
d6 9. Be2 Nbd7 10. O-O Ne4 11. Qc2 f5 12. Ne1 c5 13. f3 Nef6 14. b4 Qe7 15. Bb2
a5 16. dxc5 dxc5 17. b5 e5 18. Qxf5 Nd5 19. Qd3 e4 20. Qxe4 Qxe4 21. fxe4 Rxf1+
22. Kxf1 Rf8+ 23. Kg1 N5f6 24. e5 Ne4 25. Rd1 Rf2 26. Bf3 Rxb2 27. Rxd7 Rb1 28.
Kf1 1-0

[Event "World Rapid 2019"]
[Site "Moscow RUS"]
[Date "2019.12.27"]
[Round "7.55"]
[White "Pogosyan, Stefan"]
[Black "Perunovic, Milos"]
[Result "0-1"]
[WhiteTitle "IM"]
[BlackTitle "GM"]
[WhiteElo "2459"]
[BlackElo "2589"]
[WhiteFideId "34159867"]
[BlackFideId "921629"]
[EventDate "2019.12.26"]

1. d4 Nf6 2. c4 c5 3. d5 b5 4. cxb5 a6 5. b6 d6 6. Nc3 Nbd7 7. a4 Qxb6 8. a5 Qb4
9. Ra4 Qb7 10. Nf3 g6 11. h3 Bg7 12. e4 O-O 13. Bc4 Ne8 14. O-O Nc7 15. Qd3 Rb8
16. Ra3 Qa7 17. Re1 Ne5 18. Nxe5 Bxe5 19. Na4 Nb5 20. Rb3 f5 21. Bh6 fxe4 22.
Qxe4 Rf7 23. g4 Nd4 24. Rbe3 Rb4 25. b3 Nxb3 26. Rxb3 Rxa4 27. Rf3 Rf6 28. Rxf6
Bxf6 29. Qf4 g5 30. Qe4 Qb7 31. Qc2 Qb4 32. Re4 Ra1+ 33. Kg2 Qa3 34. Re3 Qc1 35.
Qxc1 Rxc1 36. Be2 Bb7 37. Bf3 c4 38. Ra3 Rb1 39. Ra4 c3 40. Rc4 Rb5 41. h4 Bxd5
42. Rc8+ Kf7 43. Bxd5+ Rxd5 44. f4 gxf4 45. g5 Be5 46. h5 Rc5 47. Rf8+ Ke6 48.
g6 hxg6 49. hxg6 c2 50. Bxf4 Bxf4 51. g7 Rg5+ 0-1

[Event "World Rapid 2019"]
[Site "Moscow RUS"]
[Date "2019.12.27"]
[Round "7.56"]
[White "Kovalev, Vladislav"]
[Black "Yanchenko, Roman"]
[Result "1-0"]
[WhiteTitle "GM"]
[BlackTitle "FM"]
[WhiteElo "2662"]
[BlackElo "2463"]
[WhiteFideId "13504398"]
[BlackFideId "4137329"]
[EventDate "2019.12.26"]

1. e4 e6 2. d4 d5 3. Nd2 c5 4. Ngf3 Nc6 5. exd5 exd5 6. Bb5 c4 7. O-O Bd6 8. b3
cxb3 9. axb3 Ne7 10. Ba3 Bxa3 11. Rxa3 O-O 12. Re1 a6 13. Bf1 Qd6 14. Ra1 Bf5
15. c3 Rae8 16. b4 Na7 17. Nb3 Nec6 18. Nc5 Bc8 19. Qa4 Qc7 20. Re3 Rxe3 21.
fxe3 Bg4 22. Re1 Nc8 23. Qb3 N8e7 24. e4 Bxf3 25. gxf3 dxe4 26. fxe4 a5 27. bxa5
Nxa5 28. Qb5 Ng6 29. e5 Nh4 30. Re3 b6 31. Qd7 Qd8 32. Qxd8 Rxd8 33. Na4 Rb8 34.
Bb5 Nf5 35. Rf3 g6 36. Kf2 Nb3 37. Rf4 Kg7 38. Ke2 Rd8 39. Bd3 b5 40. Nb6 b4 41.
Bxf5 bxc3 42. d5 gxf5 43. Kd3 Rb8 44. Rb4 Nc5+ 45. Kc2 Ne4 46. d6 Nc5 47. Rb1 f6
48. exf6+ Kf7 49. d7 Rd8 50. Rb5 Ne6 51. Kxc3 Kxf6 52. Kc4 f4 53. Rb1 Ke5 54.
Rd1 f3 55. Re1+ Kd6 56. Kd3 Kc6 57. Rxe6+ Kc7 58. Re8 1-0

[Event "World Rapid 2019"]
[Site "Moscow RUS"]
[Date "2019.12.27"]
[Round "7.57"]
[White "Sanal, Vahap"]
[Black "Xu, Xiangyu"]
[Result "0-1"]
[WhiteTitle "GM"]
[BlackTitle "GM"]
[WhiteElo "2549"]
[BlackElo "2582"]
[WhiteFideId "6300545"]
[BlackFideId "8608288"]
[EventDate "2019.12.26"]

1. e4 e5 2. d4 exd4 3. Nf3 Nf6 4. e5 Ne4 5. Qxd4 d5 6. exd6 Nxd6 7. Nc3 Nc6 8.
Qf4 g6 9. Bd2 Bg7 10. O-O-O O-O 11. h4 h5 12. Bd3 a5 13. Be3 Bg4 14. Rd2 Bxf3
15. Qxf3 Nb4 16. Be2 Re8 17. a3 Nc6 18. Bg5 Qc8 19. Nd5 Ne4 20. Bc4 Nxd2 21.
Bxd2 Ne5 22. Qf4 Nxc4 23. Qxc4 Qf5 24. Bg5 Ra6 25. Rd1 Rc6 26. Qb3 Re2 27. Ne7+
Rxe7 28. Bxe7 Rb6 29. Qe3 Bxb2+ 30. Kd2 Re6 31. Qc5 Qf4+ 32. Kd3 Qe4+ 33. Kd2
Qe2# 0-1